[Event "4NCL Division Three Knights"]
[Site "Warwick, ENG"]
[Date "2024.02.11"]
[Round "6.66"]
[White "Stayt, James N"]
[Black "MacNeil, Elliott"]
[Result "0-1"]
[WhiteElo "1894"]
[BlackElo "1940"]
[PlyCount "42"]
[EventDate "2024.02.11"]
[WhiteTeam "CSC/Kingston 2"]
[BlackTeam "Wessex A"]

1. e4 d6 2. d4 Nf6 3. Nc3 g6 4. Nf3 c6 5. h3 Bg7 6. Be3 Qc7 7. Be2 b5 8. a3
Nbd7 9. O-O a6 10. Nd2 e5 11. dxe5 Nxe5 12. f4 Ned7 13. Bf3 O-O 14. Nb3 Bb7 15.
Qe2 Rfe8 16. Rad1 Rad8 17. Qd3 Nb6 18. Nd2 c5 19. Rfe1 d5 20. exd5 Nfxd5 21.
Nxd5 Nxd5 0-1